Statistics for Biggest City in Each Oceanian Country with a Map

Click here to take the quiz!

General Stats

  • This quiz has been taken 21 times
  • The average score is 11 of 14

Answers on the Map

Answers color-coded by a green-red scale on the quiz's map according to % correct below.
 

Answer Stats

CountryPopulationCity% Correct
New Zealand1.49mAuckland
100%
Solomon Islands84.5kHoniara
100%
Papua New Guinea364kPort Moresby
100%
Fiji185kSuva
100%
Vanuatu51.4kPort Vila
95%
Australia5.40mSydney
95%
Samoa68.5kApia
89%
Tuvalu6.32kFunafuti
84%
Marshall Islands27.7kMajuro
84%
Kiribati56.3kSouth Tarawa
84%
Tonga35.1kNuku'alofa
79%
Palau8.74kKoror City
53%
F.S. Micronesia13.8kWeno
53%
Nauru2.38kArijejen
16%

Score Distribution

Percentile by Number Answered

Percent of People with Each Score

Your Score History

You have not taken this quiz